000 04437namaa22004331i 4500
003 EG-GICUC
005 20260111133256.0
008 251227s2025 ua a|||frm||| 000 0 eng d
040 _aEG-GICUC
_beng
_cEG-GICUC
_dEG-GICUC
_erda
041 0 _afre
_beng
_bara
049 _aDeposit
082 0 4 _a448.2421
092 _a448.2421
_221
097 _aPh.D
099 _aCai01.02.13.Ph.D.2025.Yo.L
100 0 _aYoustina Maher Farag,
_epreparation.
245 1 0 _aL'exposition de soi sur un exemple de réseaux sociaux : Le Facebook :
_bÉtude sémiolinguistique /
_cby Youstina Maher Farag ; Supervisors Prof. Dr. Héba Machhour, Prof. Dr. Claire Martinot.
246 1 5 _aعرض الذات في نموذج من شبكات التواصل الاجتماعي: الفيسبوك
_bدراسة سيميوطيقية لغوية /
264 0 _c2025.
300 _a168 pages :
_billustrations ;
_c25 cm. +
_eCD.
336 _atext
_2rda content
337 _aUnmediated
_2rdamedia
338 _avolume
_2rdacarrier
502 _aThesis (Ph.D)-Cairo University, 2025.
504 _aBibliography: pages 165-167.
520 3 _aCette thèse explore la question de l’exposition de soi sur Facebook à travers une analyse sémiolinguistique de cinq profils féminins, égyptiens et francophones, sélectionnés pour leur activité, leur diversité et leur richesse expressive. L’objectif principal de cette étude est d’analyser les différentes stratégies de mise en scène de soi à travers les pages profils, afin d’identifier les invariants et les variantes dans la construction de l’identité numérique. Le travail s’inscrit dans une approche interdisciplinaire, mobilisant des concepts issus de la linguistique, de la sémiotique, de la sociologie et des sciences de la communication. Enfin, cette recherche ouvre une réflexion plus large sur le rôle des réseaux sociaux dans la reconfiguration des formes de communication, dans la transformation des pratiques langagières et dans l’émergence d’une nouvelle culture de la visibilité. Facebook apparaît ainsi à la fois comme un espace de communication, de mise en scène, de propagande et de socialisation, contribuant à façonner une identité à la fois individuelle et collective dans un monde numérique en constante mutation.
520 3 _aتتناول هذه الدراسة مسألة عرض للذات على الفيسبوك من خلال تحليل لغوي سيميوطيقي لخمسة حسابات شخصية نسائية، مصرية بثقافة فرنسية، تم اختيارها لغتاها بالأنشطة وتنوعها وثرائها التعبيري. الهدف الرئيسي من هذه الدراسة هو تحليل الاستراتيجيات المختلفة لتقديم الذات من خلال الصفحات الشخصية المختارة، وذلك بهف تحليل الثوابت والمتغيرات في بناء الهوية الرقمية. ويعد هذا العمل جزءًا من نهج متعدد التخصصات، يجمع المفاهيم المختلفة كعلم اللغويات وعلم السيميوطيقا وعلم الاجتماع وعلوم التواصل. وأخيرًا، يفتح هذا البحث مجالًا أوسع للتساؤل حول دور مواقع التواصل الاجتماعية في تغييرأشكال الاتصال، وفي تغيير الممارسات اللغوية وفي ظهور ثقافة جديدة فائمة على المرئيات. فأصبح بذلك الفيسبوك مساحة للتواصل الاجتماعي والاستعراض والدعاية، مما يساهم في تشكيل هوية فردية وجماعية في عالم رقمي متغير بشكل مستمر.
530 _aIssues also as CD.
546 _aText in English and abstract in Arabic & English.
650 0 _aFrench language
650 0 _aاللغة الفرنسية
653 1 _aIdentité numérique
_aExposition de soi
_aRéseaux sociaux
_aSémiotique
_aFacebook
_aالهوية الرقمية
_aعرض الذات
700 0 _aHéba Machhour
_ethesis advisor.
700 0 _aClaire Martinot
_ethesis advisor.
900 _b01-01-2025
_cHéba Machhour
_cClaire Martinot
_UCairo University
_FFaculty of Arts
_DDepartment of French language and literature
905 _aShimaa
_eEman Ghareb
942 _2ddc
_cTH
_e21
_n0
999 _c177077